Molekulová fyzika

Bibliographic Details
Main Authors: Bakule, Roman, 1936- (Author), Brož, Jaromír, 1908-1990 (Author)
Format: Book
Language:Czech
PhysicalDescription:216, [1] s. 4°
Published: Praha Univerzita Karlova 1982
Edition:1. vyd.
Subjects:

MARC

LEADER 00000cam a2200000 a 4500
001 vtls001161378
003 SK-MaSNL
005 20260301112036.0
008 240314s1982 xr a np 00000 cze
020 |q (brož.) 
035 |a SNK000104285 
040 |a SNK  |b slo  |c SNK  |e AACR2 
041 0 |a cze 
044 |a xr  |c CZ 
080 |a 539.2(075.8)  |2 1981 
100 1 |a Bakule, Roman,  |d 1936-  |4 aut  |9 61497 
245 1 0 |a Molekulová fyzika  |c Roman Bakule, Jaromír Brož 
250 |a 1. vyd. 
260 |a Praha  |b Univerzita Karlova  |c 1982  |e Příbram  |f Tisk. záv. 
300 |a 216, [1] s.  |c 4° 
366 |e 400 výtl. 
500 |a Rozmn. 
500 |a Skriptá pre poslucháčov Matematicko-fyzikálnej fakulty Univerzity Karlovej 
504 |a Obsahuje bibliografiu 
650 0 7 |a molekulová fyzika  |2 SNKPH  |9 818 
655 7 |a učebnice vysokých škôl  |2 SNKPH  |9 70191 
700 1 |a Brož, Jaromír,  |d 1908-1990  |4 aut  |9 258323 
852 |a Slovenská národná knižnica 
954 |a odborná, vedecká literatúra cudzojazyčná (svetová)  |2 lita 
958 |a OND 
999 |c 709255  |d 711185 
952 |t P60, <04>, [BOOK], {604}  |a SNK  |b SNK  |y VYP  |7 0  |p 17A0362025  |o snkIB 49341 D1  |0 0  |1 1  |4 0  |d 2002-11-09  |l 0  |r 2005-01-01 00:00:00  |w 2026-02-23